| 000 | 00517nam a22001817a 4500 | ||
|---|---|---|---|
| 003 | OSt | ||
| 005 | 20140310182453.0 | ||
| 008 | 130806t xxu||||| |||| 00| 0 eng d | ||
| 020 | _a9780940780972 | ||
| 050 |
_aQM 23.2 _b.G618 2011 |
||
| 100 |
_aGoldberg, Stephen _98250 |
||
| 245 |
_aClinical Anatomy made ridiculously simple / _cStephen Goldberg |
||
| 260 |
_aUSA : _bMedMaster, Inc., _cc2011. |
||
| 300 |
_a193 p. : _bill. ; _c28 cm. |
||
| 650 |
_aClinical anatomy _99006 |
||
| 942 |
_2lcc _cSSLC |
||
| 999 |
_c13706 _d13706 |
||